Statistics for Olympic Men's Waterpolo Top 4 Positions

Click here to take the quiz!

General Stats

  • This quiz has been taken 220 times
  • The average score is 17 of 23

Answer Stats

Answer% Correct
Croatia
97%
Serbia
96%
Serbia and Montenegro
96%
United States
94%
Hungary
93%
Italy
93%
Spain
93%
West Germany
88%
Germany
86%
France
84%
Russia
84%
Greece
81%
FR Yugoslavia
79%
Yugoslavia
79%
Soviet Union
78%
Montenegro
75%
Great Britain
59%
Romania
51%
Netherlands
49%
Sweden
48%
Austria
45%
Japan
43%
Belgium
39%

Score Distribution

Percentile by Number Answered

Percent of People with Each Score

Your Score History

You have not taken this quiz